| 000 | 00338nab a22001097u 4500 | ||
|---|---|---|---|
| 008 | 130520b1982 xxu||||| |||| 00| 0 spa d | ||
| 041 | _aspa | ||
| 100 | 1 |
_aDominian, Jack _919695 |
|
| 245 | 0 | 0 |
_aDesafío de la psicología a la práctica de la fe _cJack Dominian |
| 773 | 0 |
_tConcilium _gV.2,1982,págs.358-367 _x0210-1041 _wRev134 |
|
| 942 | _cAR | ||
| 999 |
_c354846 _d354846 |
||